000 01273cam a22003617a 4500
003 CHAP
005 20220329142351.0
008 001004s2000 mx ao r 00010 spa d
010 _a82460
011 _a83432
035 _a93945
040 _cCHAP
090 _aTesis
100 0 0 _aAguilar Méndez, José Mario.
_92770
245 1 0 _aAdaptación y evaluación de una sembradora de lenteja de tracción animal
_c/por José Mario Aguilar Méndez.
260 _aChapingo, Méx. :
_bEl autor,
_c2000
300 _a68 h. :
_bilus., fots., cuads.
502 _aTesis (Ing. Mecánico Agrícola) -- UACH. Departamento de Ingeniería Mecánica Agrícola.
590 _aALEPH
_b10
_c20130110
_lUCH01
_h1438
590 _aBATCH-UPD
_b10
_c20130110
_lUCH01
_h0722
590 _aBATCH-UPD
_b10
_c20130410
_lUCH01
_h0406
590 _aBATCH-UPD
_b10
_c20130913
_lUCH01
_h2323
590 _aCONVERSION
_b10
_c20130109
_lUCH01
_h1346
650 1 4 _aEnergía animal.
_936889
650 1 4 _aLenteja
_xImplementos y maquinaria.
_966024
650 1 4 _aMaquinaria agrícola.
_971151
650 1 4 _aSembradoras.
_9103854
901 _aBK
905 _aEdna Luz
942 _cFOLL
949 _bBC
_cTES
_d33724000806386
_eTS2
_fc.2
_h37144
_i93945
_sb
949 _bBC
_cTES
_d939451
_eTS1
_h37143
_i93945
_sb
999 _c82460
_d82460